000 00482nam a2200193Ia 4500
003 LK-CoDNM
005 20240212150335.0
008 010623t1891 xxu||||| |||| 00| 1 sin d
040 _aLK-CoDNM
_dLK-CoDNM
_eLK-CoDNM
041 _asin
080 _a104
_bS 8
100 _aRamachandra,P
245 _aලෝවැඩ සඟරාව
246 _aLoweda Sangara
260 _bLakrivikirana
_aColombo
_c1891
300 _b21p., 18 cm
700 _aVeedagama thero
942 _cBK
999 _c83430
_d83430